Aamche Bhau [our 'Bhau'] : (Record no. 40697)

MARC details
000 -LEADER
fixed length control field 00730nam a22002177a 4500
005 - DATE AND TIME OF LATEST TRANSACTION
control field 20100810143634.0
010 ## - LCCN (DPL NO)
LC control number ENG-99225
020 ## - INTERNATIONAL STANDARD BOOK NUMBER
International Standard Book Number 8172652971
Terms of availability 50.00
035 ## - SYSTEM CONTROL NUMBER
System control number EN-82757
037 ## - SOURCE OF ACQUISITION
Source of stock number/acquisition DBAD/PUB
082 ## - DEWEY DECIMAL CLASSIFICATION NUMBER
Classification number 921
100 ## - MAIN ENTRY--PERSONAL NAME
Personal name Thatte, Suresh Hari
245 ## - TITLE STATEMENT
Title Aamche Bhau [our 'Bhau'] :
Remainder of title (our father) /
Statement of responsibility, etc by Suresh Hari Thatte [and] Madhav Sadashiv Gore
260 ## - PUBLICATION, DISTRIBUTION, ETC. (IMPRINT)
Place of publication, distribution, etc Pune
Name of publisher, distributor, etc Snehavardhan
Date of publication, distribution, etc 2008
270 ## - ADDRESS
Address 863 sadashiv Peth
City Pune
Postal code 411030
300 ## - PHYSICAL DESCRIPTION
Extent 52p.
Dimensions 20cm (pbk)
650 ## - SUBJECT ADDED ENTRY--TOPICAL TERM
Topical term or geographic name as entry element Biography
700 ## - ADDED ENTRY--PERSONAL NAME
Personal name Gore, Madhav Sadashiv
9 (RLIN) 10217
942 ## - ADDED ENTRY ELEMENTS (KOHA)
Source of classification or shelving scheme Dewey Decimal Classification
Item type English Books
Classification part 921
Call number suffix THA
Holdings
Withdrawn status Lost status Not for loan Collection code Home library Current library Date acquired Source of acquisition Cost, normal purchase price Full call number Barcode Copy number Cost, replacement price Koha item type
      Non-fiction Shahdara Branch Shahdara Branch 10/08/2010 DBAD 50.00 921 THA EN-82757 1 50.00 English Books

© Delhi Public Library
Hit Counter
free hit counter